01348cam a2200253 a 45000010008000000030004000080050017000120080041000290100017000700200015000870400018001020500027001200820028001472450417001752600046005923000040006385040051006786500033007296500035007627000028007977000023008257100122008487100124009703933185OSt20230605110539.0920804s1992 enkab b 101 0 eng  a 92194870  a1856490378 aDLCcDLCdDLC00aTJ163.15b.E53345 199200a333.7915091734220bBHA00aEnergy for rural development :bproceedings of the United Nations Group of Experts on the Role of New and Renewable Sources of Energy in Integrated Rural Development, organized by the New and Renewable Sources of Energy Section, Department of International Economic and Social Affairs (DIESA), United Nations, at Stockholm, Sweden, 22-26 January 1990 /cedited and introduced by M.R. Bhagavan & Stephen Karekezi. aLondon ;aNew Jersey :bZed Books,c1992. axv, 258 p. :bill., 1 map ;c23 cm. aIncludes bibliographical references and index. 0aPower resourcesxCongresses. 0aRural developmentxCongresses.1 aBhagavan, M. R.,d1934-1 aKarekezi, Stephen.2 aUnited Nations.bGroup of Experts on the Role of New and Renewable Sources of Energy in Integrated Rural Development.2 aUnited Nations.bDepartment of International Economic and Social Affairs.bNew and Renewable Sources of Energy Section.